000 00542nam a22001697a 4500
999 _c21853
_d21853
003 OSt
005 20240924173103.0
008 240924b ||||| |||| 00| 0 eng d
040 _c0
082 _aDPer 050 R22 2000 January-May 2023 v123 no. 719-723
100 _aBlair, Richard.
_eauthor.
_961638
245 _aHanging by a thread /
_cRichard Blair.
260 _aTaipei :
_bReader's Digest Asia,
_cJanuary- May 2023.
300 _aVolume 123, pages 33-38,
_b illustration.
700 _aBlair, Richard.
_eauthor.
_961638
942 _2ddc
_cPER